=LDR 00000nam 2200000 4500 =001 INLIS000000000008646 =005 20200326092628 =035 ##$$a 0010-061300000008646 =008 200326################g##########0#ind## =041 ##$$a Ind =082 ##$$a 297.640 959 821 =090 ##$$a 297.640, Mus m =245 1#$$a Muslimin Dan Muslimat 3 /$c alih bahasa, Drs. Sudibjo Z.H., T.D. Sudjana =260 ##$$a Jakarta :$b Departemen Pendidikan dan Kebudayaan,$c 1982 =300 ##$$a 142 hlm. ; $c 21 x 15 cm =650 #4$$a Agama Islam =850 ##$$a NBPNMAT =084 ##$$a 297.640 959 821 SUD m =100 #$$a Sudibjo =250 ##$$a cet. 1 =700 #$$a Sudjana =990 ##$$a DW00021510 =990 ##$$a DW00021511 =990 ##$$a DW00021512 =990 ##$$a DW00021513 =990 ##$$a DW00021514 =990 ##$$a DW00021514 =990 ##$$a DW00021510 =990 ##$$a DW00021511 =990 ##$$a DW00021512 =990 ##$$a DW00021513